Industrial Robotics: Technology, Programming and Applications / Mikell P. Groover (Registro nro. 11782)
[ vista simple ]
| 000 -LÍDER | |
|---|---|
| fixed length control field | 00594nam a2200169 4500 |
| 008 - ELEMENTOS DE LONGITUD FIJA -- INFORMACIÓN GENERAL | |
| fixed length control field | 0 1986 0a 000 0USA |
| 020 ## - NÚMERO INTERNACIONAL NORMALIZADO PARA LIBROS | |
| ISBN | 0-07-024989-X |
| 050 ## - SIGNATURA TOPOGRAFICA DE LA BIBLIOTECA DEL CONGRESO (LC) | |
| Número de Clasificación | TS191.8 G76 1986 |
| 082 ## - NUMERO DE CLASIFICACION DECIMAL DEWEY | |
| Número de Clasificación | 001.535 G664i |
| 100 ## - ASIENTO PRINCIPAL--NOMBRE PERSONAL | |
| Nombre personal | Groover, Mikell P. |
| 245 ## - TÍTULO | |
| Título | Industrial Robotics: Technology, Programming and Applications / Mikell P. Groover |
| 260 ## - PUBLICACIÓN, DISTRIBUCIÓN, ETC. (PIE DE IMPRENTA) | |
| Lugar de publicación, distribución, etc. | United States of America: McGraw-Hill |
| 300 ## - DESCRIPCIÓN FÍSICA | |
| Extensión | xiv, 546 p. / 23 cm. |
| 500 ## - NOTA GENERAL | |
| Nota general | Incluye contents, index. |
| 650 ## - ASIENTO SECUNDARIO DE MATERIA - TERMINO TEMÁTICO | |
| Término temático o nombre geográfico como elemento de entrada | 1. CIBERNETICA \ 2. ROBOTS, INDUSTRIAL |
| 700 ## - ASIENTO SECUNDARIO - NOMBRE PERSONAL | |
| Nombre personal | Weiss, Mitchell, Coaut. \ Nagel, Roger N., Coaut. |
| No. biblioteca | No. biblioteca | Número de clasificación | Código de barras/Número de adquisición | Número de copia | Tipo de material |
|---|---|---|---|---|---|
| LUIS G. INCLAN | LUIS G. INCLAN | 001.535 G664i | 25283 | 4 | Libros |
